Central Library OPAC University of Rajshahi

Toshihiko Izutsu and the philosophy of word : (Record no. 544)

MARC details
000 -LEADER
fixed length control field 01525nam a2200373 a 4500
001 - CONTROL NUMBER
control field 544
003 - CONTROL NUMBER IDENTIFIER
rucl marc code BD-RjUL
005 - DATE AND TIME OF LATEST TRANSACTION
control field 20211208233210.0
008 - FIXED-LENGTH DATA ELEMENTS--GENERAL INFORMATION
fixed length control field 140709s2014 ja c b 001 0 eng d
020 ## - INTERNATIONAL STANDARD BOOK NUMBER
International Standard Book Number 9784924971370
International Standard Book Number 4924971375
035 ## - SYSTEM CONTROL NUMBER
System control number (BD-RjUL)561
040 ## - CATALOGING SOURCE
Original cataloging agency LWU
Description conventions rda
Transcribing agency LWU
Modifying agency OCLCO
-- KSU
-- NLGGC
-- CHVBK
-- UkOxU
-- BD-RjUL
Language of cataloging eng
041 1# - LANGUAGE CODE
Language code of text/sound track or separate title eng
Language code of original jpn
082 ## - DEWEY DECIMAL CLASSIFICATION NUMBER
Edition number 19
Classification number 181
Author mark and year WAT 2014
100 1# - MAIN ENTRY--PERSONAL NAME
Personal name Wakamatsu, Eisuke,
Dates associated with a name 1968-
Linkage 880-01
9 (RLIN) 116080
245 10 - TITLE STATEMENT
Title Toshihiko Izutsu and the philosophy of word :
Remainder of title in search of the spiritual orient /
Statement of responsibility, etc. by Eisuke Wakamatsu ; translated by Jean Connell Hoff.
260 ## - PUBLICATION, DISTRIBUTION, ETC. (IMPRINT)
Place of publication, distribution, etc. Tokyo :
Name of publisher, distributor, etc. International House of Japan,
Date of publication, distribution, etc. 2014.
300 ## - PHYSICAL DESCRIPTION
Pagination xxv, 457 p. :
Illustrations ill. ;
Size 24 cm.
490 1# - SERIES STATEMENT
Series statement LTCB international library selection ;
Volume/sequential designation no. 33
500 ## - GENERAL NOTE
General note "LTCB International Library Trust/International House of Japan."
General note Translation of: Izutsu Toshihiko : eichi no tetsugaku.
504 ## - BIBLIOGRAPHY, ETC. NOTE
Bibliography, etc "Works by Toshihiko Izutsu": pages 397-419.
Bibliography, etc Includes bibliographical references (pages 421-438) and indexes.
600 10 - SUBJECT ADDED ENTRY--PERSONAL NAME
Personal name Izutsu, Toshihiko,
Dates associated with a name 1914-1993.
650 #0 - SUBJECT ADDED ENTRY--TOPICAL TERM
Topical term or geographic name as entry element Philosophy, Asian
General subdivision History.
9 (RLIN) 116082
700 1# - ADDED ENTRY--PERSONAL NAME
Personal name Hoff, Jean,
Relator term translator.
710 2# - ADDED ENTRY--CORPORATE NAME
Corporate name or jurisdiction name as entry element LTCB International Library Trust,
Relator term issuing body.
9 (RLIN) 115882
Corporate name or jurisdiction name as entry element Kokusai Bunka Kaikan (Tokyo, Japan),
Relator term issuing body.
9 (RLIN) 115883
830 #0 - SERIES ADDED ENTRY--UNIFORM TITLE
Volume number/sequential designation no. 33.
942 ## - ADDED ENTRY ELEMENTS (KOHA)
Source of classification or shelving scheme Dewey Decimal Classification
Koha item type Books
Holdings
Lost status Source of classification or shelving scheme Damaged status Not for loan Collection code Permanent Location Current Location Shelving location Date acquired Source of acquisition Total Checkouts Full call number Date last seen Copy number Koha item type
  Dewey Decimal Classification   Not For Loan Non-fiction Central Library, University of Rajshahi Central Library, University of Rajshahi Reading Room 13/10/2014 RUCL   181 WAT 2014 11/02/2015 C-1 Books